| 000 | 00948nam a22002297a 4500 | ||
|---|---|---|---|
| 999 |
_c11660 _d11660 |
||
| 003 | AR-CdUCM | ||
| 008 | 190404b ||||| |||| 00| 0 spa d | ||
| 040 |
_aMUNICIPALIDAD PROVINCIAL DEL CUSCO _cBIBLIOTECA MUNICIPAL DEL CUSCO |
||
| 082 |
_22 ed. _a930 / _bH65 / 1929 |
||
| 100 |
_aHoernes, Moritz _927671 |
||
| 245 | _aPrehistoria II La edad del bronce / | ||
| 260 |
_aBarcelona : _bLabor, _c1929. |
||
| 300 |
_a153 páginas ; _c18 cm. |
||
| 440 |
_aColección labor biblioteca de iniciación cultural _929126 |
||
| 505 | _aContenido : Introducción -- El primer conocimiento de los metales -- Las edades del cobre y del bronce en le cercano Oriente y en Europa -- Las edades del cobre y del bronce en le lejano oriente y en américa ... | ||
| 650 |
_aHistoria _9136 |
||
| 650 |
_aEdad del cobre _929127 |
||
| 650 |
_aEdad del Bronce _929128 |
||
| 700 |
_aPericot, Luis (traductor) _929129 |
||
| 942 |
_2ddc _cLIBROS |
||
| 945 |
_arah _d04/04/2019 |
||